Les villes de France les plus malpolies - Statistiques

Statistiques générales
  • Ce quiz a été pris 79 fois
  • Le résultat moyen est 4 sur 5
Statistiques - réponses
Note / 10 Ville % Correct
9,00 Paris
100%
9,26 Marseille
95%
9,41 Lyon
86%
8,25 Lille
73%
9,08 Nice
67%
Aucun quiz correspondant
Distribution des résultats
% des personnes avec chaque résultat
Percentile par nombre de réponses
Votre historique - résultats
Vous n’avez pas pris ce quiz